| 000 | 00362 a2200157 4500 | ||
|---|---|---|---|
| 001 | 14058 | ||
| 020 | _a9788578480400 (broch.) | ||
| 040 | _cAnchieta - Aquarius | ||
| 100 | _aAcioli, Socorro | ||
| 240 | 1 | 0 |
_a=A bailarina fantasma _lpor |
| 245 | 1 | 0 | _a=A bailarina fantasma |
| 300 | _a177p. | ||
| 362 | 0 | _a2009 | |
| 650 | 4 | _aLiteratura brasileira | |
| 942 | _cBK | ||
| 999 |
_c14058 _d14058 |
||